000 00545cam a2200205ua 4500
005 20260515113721.0
008 120208n ii |||gr||||Z||||||asm
040 _cMAIN
_aIN-DiNC
041 _dasm
082 _a891.4514
_bTHA
100 _aThakuria, Rammal,
_eauthor
245 1 1 _aSahitya bichar/
_cby Rammal Thakuria
250 _a1st.
260 _aGuwahati:
_bNew book stall,
_c1998.
300 _a183p:
_c23cm.
650 _aLiterary criticism in Assamese
653 _aAssamese literature
653 _aSahitya bichar
942 _cBK
_2ddc
999 _c3523
_d3523